000 00507nam a22001577a 4500
008 151028b xxu||||| |||| 00| 0 eng d
050 _aPR2522.E5 1957
100 _aFord, John
_920648
245 _aJohn Ford
_bFive Plays
_cedited, with an introduction and notes by Havelock Ellis
260 _aNew York
_bHill and Wang, Inc.
_c1957
300 _axvi, 427p. ;
_c18cm.
600 _aFord, John
_920648
600 _aEllis, Havelock
_920649
700 _aEllis, Havelock
_eed.
_920649
942 _2lcc
_cMONOGRAPH
999 _c123649
_d123649